| 000 | 00524ntaaa2200205 4500 | ||
|---|---|---|---|
| 003 | 01 | ||
| 005 | 20251027202429.0 | ||
| 008 | 0714s1973 ag 01 | ||
| 040 |
_aAR-BaBN _bspa _cAR-BaBN _eaacr _dRIC |
||
| 082 | _a261.7000 V23 | ||
| 100 |
_aValentine, Foy _92033 |
||
| 245 | _aCitizenship for Christians | ||
| 250 | _a1 ed. | ||
| 260 |
_aNashville : _bBroadman Press, _cc1965 |
||
| 300 | _a127 p. | ||
| 500 | _ael cristiano como ciudadano | ||
| 650 | _aEstado e Iglesia | ||
| 650 | _aCiudadanÃa Cristiana | ||
| 942 | _cBK | ||
| 999 |
_c19233 _d19233 |
||